<?xml version="1.0" encoding="UTF-8"?>
<collection xmlns="http://www.loc.gov/MARC21/slim">
 <record>
  <leader>00816nam a22001935a 4500</leader>
  <controlfield tag="001">EIQ.libpla001941</controlfield>
  <controlfield tag="008">070307s1983####xxua##########001#0#eng#d</controlfield>
  <controlfield tag="005">20080603181042.0</controlfield>
  <datafield tag="245" ind1="1" ind2="0">
   <subfield code="a">ASHRAE handbook :</subfield>
   <subfield code="b">1983 equipment /</subfield>
   <subfield code="c">American Society of Heating, Refrigerating and Air-Conditioning Engineers.</subfield>
  </datafield>
  <datafield tag="260" ind1=" " ind2=" ">
   <subfield code="a">New York :</subfield>
   <subfield code="b">ASHRAE,</subfield>
   <subfield code="c">c1983.</subfield>
  </datafield>
  <datafield tag="300" ind1=" " ind2=" ">
   <subfield code="a">1v. (en varias paginaciones) :</subfield>
   <subfield code="b">il. ;</subfield>
   <subfield code="c">28 cm.</subfield>
  </datafield>
  <datafield tag="500" ind1=" " ind2=" ">
   <subfield code="a">Incluye índice.</subfield>
  </datafield>
  <datafield tag="650" ind1=" " ind2="4">
   <subfield code="a">Ventilación</subfield>
   <subfield code="x">Handbooks, manuales, etc.</subfield>
  </datafield>
  <datafield tag="650" ind1=" " ind2="4">
   <subfield code="a">Calefacción</subfield>
   <subfield code="x">Handbooks, manuales, etc.</subfield>
  </datafield>
  <datafield tag="650" ind1=" " ind2="4">
   <subfield code="a">Heating</subfield>
   <subfield code="x">Handbooks, manuals, etc.</subfield>
  </datafield>
  <datafield tag="650" ind1=" " ind2="4">
   <subfield code="a">Ventilation</subfield>
   <subfield code="x">Handbooks, manuals, etc.</subfield>
  </datafield>
  <datafield tag="040" ind1=" " ind2=" ">
   <subfield code="a">AR-BbSID</subfield>
   <subfield code="b">spa</subfield>
   <subfield code="c">AR-BbSID</subfield>
  </datafield>
  <datafield tag="110" ind1="2" ind2=" ">
   <subfield code="a">American Society of Heating, Refrigerating and Air-Conditioning Engineers.</subfield>
  </datafield>
  <datafield tag="859" ind1=" " ind2=" ">
   <subfield code="a">AR-BbSID</subfield>
   <subfield code="b">BIB. PLAPIQUI</subfield>
   <subfield code="h">697.93</subfield>
   <subfield code="i">Am 35e</subfield>
   <subfield code="k">R</subfield>
   <subfield code="p">2649</subfield>
  </datafield>
 </record>
</collection>
